| 000 | 00940nam0a2200289 4500 | ||
|---|---|---|---|
| 001 | RU\NLR\BIBL_A\012386014 | ||
| 005 | 20250624023052.0 | ||
| 010 | _912000 | ||
| 035 | _a(NLR Aleph) 012386014 | ||
| 090 |
_a13301735 _c13301735 |
||
| 100 | _a20201022d1983 |||y0rusy50 ca | ||
| 101 | 0 | _achv | |
| 102 | _aRU | ||
| 105 | _ay z 000 y | ||
| 181 | 0 |
_ai _baxxe |
|
| 182 | 0 | _an | |
| 200 | 1 |
_aТелей патне виçě çухрăм _eроман _fГеоргий Краснов |
|
| 203 |
_aТекст _bвизуальный _cнепосредственный |
||
| 210 |
_aШупашкар _cЧǎваш кěнеке изв-ви _d1983 |
||
| 215 |
_a485,[1] с. _d21 |
||
| 541 | 1 |
_aТри версты до счастья _eроман _zrus |
|
| 686 | 1 | _aШ6(2=Чув.)7-4 | |
| 700 | 1 |
_aКраснов _bГ. В. _gГеоргий Васильевич _4070 |
|
| 852 |
_aNLR _bОНЛ _jЧув./3-3188 |
||
| 942 | _cBOOK | ||
| 980 | _aNB | ||